000 00832aas a2200241 4500
999 _c1581
_d1581
003 BR-BrBNA
005 20230317233234.0
007 ta
008 230119b bl ||||| |||| 00| 0 por d
022 _a0300-1857
035 _a000485-5
040 _aBR-BrBNA
_bPor
_cBR-BrBNA
042 _a011442-1
044 _abl
245 _aBoletim Agrometeorológico - Universidade Federal do Ceará. Centro de Ciências Agrárias (Brazil)
260 _aFortaleza-CE
_bUniversidade Federal do Ceará - Centro de Ciências Agrária
_c1973. Data final de publicação em 1987
_eBCE
270 _aAv. Bezerra de Menezes - Caixa Postal 354 - 60000-000 - Fortaleza - CE
310 _asemestral (duas vezes por ano
505 _a1973-74 7-8(68-70); 1975-87 9-21(72-97);
650 1 2 _gAGROMETEOROLOGIA
909 _a56
_bSergio Santos
_c56
_dSergio Santos
942 _cCR
_2AGRIS